| 000 | 00716cam a22002295a 4500 | ||
|---|---|---|---|
| 001 | L159167 | ||
| 008 | 160223s2016 xxk f 000 0 eng d | ||
| 035 | _a(Sirsi) u159167 | ||
| 041 | _aeng | ||
| 050 | _a696.9 | ||
| 100 | _aKemp, D | ||
| 245 | _aGreen produce | ||
| 260 | _c2016 | ||
| 490 | 0 |
_aConstruction News _v7433, 19 February 2016, 18-19(1) |
|
| 520 | _aReports on the focus on the link between green retail buildings and occupants' health and productivity and its implications for construction. | ||
| 650 | _aUK GREEN BUILDING COUNCIL | ||
| 650 | _aGREEN BUILDINGS | ||
| 650 | _aOCCUPATIONAL HEALTH AND SAFETY | ||
| 650 | _aRETURN ON INVESTMENT | ||
| 690 |
_aSustainability _96271 |
||
| 942 | _n0 | ||
| 999 |
_c84817 _d84817 |
||